Biometrics in identity management : concepts to applications (Record no. 13809)

MARC details
000 -LEADER
fixed length control field 00541 a2200193 4500
001 - CONTROL NUMBER
control field 149910
003 - CONTROL NUMBER IDENTIFIER
control field OSt
005 - DATE AND TIME OF LATEST TRANSACTION
control field 20211108110534.0
008 - FIXED-LENGTH DATA ELEMENTS--GENERAL INFORMATION
fixed length control field
020 ## - INTERNATIONAL STANDARD BOOK NUMBER
International Standard Book Number 9781608070176
082 ## - DEWEY DECIMAL CLASSIFICATION NUMBER
Classification number 570.15195
Item number M72B
100 1# - MAIN ENTRY--PERSONAL NAME
Personal name Modi, Shimon K.
245 1# - TITLE STATEMENT
Title Biometrics in identity management : concepts to applications
Statement of responsibility, etc by Shimon K. Modi
260 ## - PUBLICATION, DISTRIBUTION, ETC. (IMPRINT)
Place of publication, distribution, etc Boston
Name of publisher, distributor, etc Artech House
Date of publication, distribution, etc 2011
300 ## - PHYSICAL DESCRIPTION
Extent 263p.
653 ## - INDEX TERM--UNCONTROLLED
Uncontrolled term Computer Science and Engineering
653 ## - INDEX TERM--UNCONTROLLED
Uncontrolled term Biometric identification
942 ## - ADDED ENTRY ELEMENTS (KOHA)
Source of classification or shelving scheme Dewey Decimal Classification
Koha item type Books
Holdings
Withdrawn status Lost status Source of classification or shelving scheme Damaged status Not for loan Collection code Home library Current library Date acquired Source of acquisition Cost, normal purchase price Full call number Barcode Date last seen Price effective from Koha item type
    Dewey Decimal Classification     General Text Book Central University Of Rajasthan Central University Of Rajasthan 11/09/2015 CSE 0.00 570.15195 M72B 23565 21/11/2024 02/09/2020 Books